| 000 | 00370 a2200157 4500 | ||
|---|---|---|---|
| 001 | 73823 | ||
| 020 | _a | ||
| 040 | _cAnchieta - Colégio São Paulo | ||
| 100 | _aAraújo, José Theodomiro de | ||
| 240 | 1 | 0 |
_aO velho Chico, uma paixão _lpor |
| 245 | 1 | 0 | _aO velho Chico, uma paixão |
| 300 | _a162 | ||
| 362 | 0 | _a2003 | |
| 650 | 4 | _aGeografia e viagens | |
| 942 | _cBK | ||
| 999 |
_c73823 _d73823 |
||